000 00429pab a2200157 454500
008 180718b2005 xxu||||| |||| 00| 0 eng d
100 _aPraveenlal, K. et al.
245 _aHealthcare and user charges: study of Thrissur Medical College Hospital
260 _c2005
300 _ap.615-17.
362 _a12 Feb
650 _aHospitals
650 _aHealth services
773 _aEconomic and Political Weekly
909 _a64353
999 _c64353
_d64353